Christ´s Image (Record no. 5007)

MARC details
000 -CABECERA
campo de control de longitud fija 00720nam a2200229 a 4500
001 - NÚMERO DE CONTROL
campo de control BRCA_5313
005 - FECHA Y HORA DE LA ÚLTIMA TRANSACCIÓN
campo de control 20190320205028.0
008 - DATOS DE LONGITUD FIJA--INFORMACIÓN GENERAL
campo de control de longitud fija 021210s1938----fr-a######---#000-0#fre-#
041 ## - CÓDIGO DE LENGUA
Código de lengua del texto/banda sonora o título independiente fre
044 ## - CÓDIGO DEL PAÍS DE LA ENTIDAD EDITORA/PRODUCTORA
Código MARC del país fr
050 #4 - SIGNATURA TOPOGRÁFICA DE LA BIBLIOTECA DEL CONGRESO
Número de clasificación N8050
Número de documento/Ítem .C47 1938
245 10 - MENCIÓN DE TÍTULO
Título Christ´s Image
Mención de responsabilidad, etc. introduction by Pierre Mornand with a foreword ´What was the beauty of Jesus´ by Francois Mauriac.
260 ## - PUBLICACIÓN, DISTRIBUCIÓN, ETC.
Lugar de publicación, distribución, etc. París
Nombre del editor, distribuidor, etc. French Library of Fine Arts
Fecha de publicación, distribución, etc. 1938
300 ## - DESCRIPCIÓN FÍSICA
Extensión 30 p.
Otras características físicas il. (algunas a color), 128 láminas
Dimensiones 33 cm.
500 ## - NOTA GENERAL
Nota general Incluye índice de ilustraciones
500 ## - NOTA GENERAL
Nota general E90B
600 14 - PUNTO DE ACCESO ADICIONAL DE MATERIA--NOMBRE DE PERSONA
Nombre de persona Jesucristo
Subdivisión general Arte
9 (RLIN) 2253
700 1# - PUNTO DE ACCESO ADICIONAL--NOMBRE DE PERSONA
Nombre de persona Mornand, Pierre
9 (RLIN) 13627
700 1# - PUNTO DE ACCESO ADICIONAL--NOMBRE DE PERSONA
Nombre de persona Mauriac, Francois
9 (RLIN) 13628
902 ## - CATALOGADOR
Iniciales GFM
942 ## - ELEMENTOS DE PUNTO DE ACCESO ADICIONAL (KOHA)
Fuente del sistema de clasificación o colocación Library of Congress Classification
Tipo de ítem Koha Libros
Holdings
Estado de retiro Estado de pérdida Estado dañado No para préstamo Localización permanente Ubicación/localización actual Fecha de adquisición Número de inventario Total de préstamos Signatura topográfica completa Código de barras Fecha visto por última vez Precio válido a partir de Tipo de ítem Koha
El ejemplar forma parte de la colección y puede ser consultado según las políticas vigentes.       Biblioteca del Museo Franz Mayer (Rogerio Casas-Alatriste) Biblioteca del Museo Franz Mayer (Rogerio Casas-Alatriste) 02/12/2010 E90B   N8050 .C47 1938 (E90B) 5748 22/03/2019 22/03/2019 Libros